The History of the Valorous and Witty Knight-Errant Don Quixote of la Mancha (Record no. 3094)

MARC details
000 -CABECERA
campo de control de longitud fija 01815nam a2200325 a 4500
001 - NÚMERO DE CONTROL
campo de control BRCA_3358
005 - FECHA Y HORA DE LA ÚLTIMA TRANSACCIÓN
campo de control 20190320204236.0
008 - DATOS DE LONGITUD FIJA--INFORMACIÓN GENERAL
campo de control de longitud fija 260309s1895----enka---###---#000-0#eng-#
041 ## - CÓDIGO DE LENGUA
Código de lengua del texto/banda sonora o título independiente eng
044 ## - CÓDIGO DEL PAÍS DE LA ENTIDAD EDITORA/PRODUCTORA
Código MARC del país enk
084 ## - OTRO NÚMERO DE CLASIFICACIÓN
Número de clasificación 652
Número de documento/Ítem .G53
-- 1895
100 1# - ENTRADA PRINCIPAL--NOMBRE DE PERSONA
Nombre de persona Cervantes Saavedra, Miguel de
Fechas asociadas al nombre 1547-1616
9 (RLIN) 213
245 10 - MENCIÓN DE TÍTULO
Título The History of the Valorous and Witty Knight-Errant Don Quixote of la Mancha
Mención de responsabilidad, etc. By Cervantes; Translated by Thomas Shelton.
260 ## - PUBLICACIÓN, DISTRIBUCIÓN, ETC.
Lugar de publicación, distribución, etc. Londres
Nombre del editor, distribuidor, etc. Gibbings and Co.
Fecha de publicación, distribución, etc. 1895
300 ## - DESCRIPCIÓN FÍSICA
Extensión 4 v.
Otras características físicas il.
Dimensiones 18 cm.
500 ## - NOTA GENERAL
Nota general Contenido : v.1. Primera parte. Prefacio por J. Huntly McCarthy. Prólogo del autor. Versos preliminares. Retrato de Cervantes por Kent. -- v.2. Primera parte. Texto. -- v.3. Segunda parte. Prólogo de Cervantes. -- v.4. Segunda parte. Texto
500 ## - NOTA GENERAL
Nota general Una de muchas reproducciones de la edición príncipe de la versión de Thomas Shelton, con una sucinta introducción de J. H. McCarthy en la cual hace indicaciones sobre algunas de las principales traducciones inglesas y otras, para justificar la reimpresión de la primera. El retrato de Cervantes es de Kent y las láminas que carecen de propiedad y originalidad son de Frank Brangwyn. Semipiel; lomeras decoradas con dorados Lúdovik Osterc
500 ## - NOTA GENERAL
Nota general Con ex-libris de : Elsie Aitken
500 ## - NOTA GENERAL
Nota general QM1050
546 ## - NOTA DE LENGUA/LENGUAJE
Nota de lengua/lenguaje Texto en : inglés
650 14 - PUNTO DE ACCESO ADICIONAL DE MATERIA--TÉRMINO DE MATERIA
Término de materia o nombre geográfico como elemento de entrada Novela española
Subdivisión cronológica Época clásica, 1500-1700
9 (RLIN) 215
650 14 - PUNTO DE ACCESO ADICIONAL DE MATERIA--TÉRMINO DE MATERIA
Término de materia o nombre geográfico como elemento de entrada Literatura española
Subdivisión cronológica Época clásica, 1500-1700
9 (RLIN) 216
650 14 - PUNTO DE ACCESO ADICIONAL DE MATERIA--TÉRMINO DE MATERIA
Término de materia o nombre geográfico como elemento de entrada Novela española
Subdivisión cronológica Siglo XVII
9 (RLIN) 217
650 14 - PUNTO DE ACCESO ADICIONAL DE MATERIA--TÉRMINO DE MATERIA
Término de materia o nombre geográfico como elemento de entrada Don Quijote (Personaje ficticio)
Término indicativo de función/relación Novela
9 (RLIN) 218
700 1# - PUNTO DE ACCESO ADICIONAL--NOMBRE DE PERSONA
Nombre de persona Shelton, Thomas
Fechas asociadas al nombre ?-1626
Término indicativo de función/relación Traductor
9 (RLIN) 8851
700 1# - PUNTO DE ACCESO ADICIONAL--NOMBRE DE PERSONA
Nombre de persona Brangwyn, Frank William
Fechas asociadas al nombre 1867-1956
Término indicativo de función/relación Ilustrador
9 (RLIN) 8852
740 0# - PUNTO DE ACCESO ADICIONAL--TÍTULO RELACIONADO O ANALÍTICO NO CONTROLADO
Título relacionado o analítico no controlado El Ingenioso Hidalgo Don Quijote de la Mancha
902 ## - CATALOGADOR
Iniciales QFM
942 ## - ELEMENTOS DE PUNTO DE ACCESO ADICIONAL (KOHA)
Fuente del sistema de clasificación o colocación Library of Congress Classification
Tipo de ítem Koha Libros
Holdings
Estado de retiro Estado de pérdida Estado dañado No para préstamo Localización permanente Ubicación/localización actual Fecha de adquisición Número de inventario Total de préstamos Signatura topográfica completa Código de barras Fecha visto por última vez Precio válido a partir de Tipo de ítem Koha
El ejemplar forma parte de la colección y puede ser consultado según las políticas vigentes.       Biblioteca del Museo Franz Mayer (Rogerio Casas-Alatriste) Biblioteca del Museo Franz Mayer (Rogerio Casas-Alatriste) 26/03/2009 QM1050   652 .G53 1895 (QM1050) 3355 22/03/2019 22/03/2019 Libros